Представление документа в формате MARC21

Поле Инд. ПП Название Значение
Тип записи a
Библиографический уровень m
001 Контрольный номер 5fdf37c34c0d4b998001efb5b358abc1
005 Дата корректировки 20230817083844.0
020 a ISBN 978-5-394-05417-4
040 b Код языка каталог. rus
041 0_ a Код языка текста rus
080 a Индекс УДК 005.4(075.8)
084 a Индекс другой классификации/Индекс ББК 65.291.2я73
090 a Полочн. индекс 65
x Авторский знак К79
097 b Оператор 02
245 10 a Заглавие Креативный менеджмент
b Продолж. заглавия учебник
c Ответственность под ред. А. А. Степанова, М. В. Савиной
250 a Основные сведения об издании 6-е изд., перераб. и доп.
260 a Место издания Москва
b Издательство Дашков и К
c Дата издания 2023
300 a Объем 318 с.
b Иллюстрации/ тип воспроизводства ил.
510 0_ a Примечание о ссылках Книги и методические пособия
650 04 a Основная рубрика 06.39 Наука управления экономикой
x Основная подрубрика 06.39.41 Теории менеджмента
653 0_ a Ключевые слова менеджмент; цифровая экономика; инновации; системы управления
901 t Тип документа m